| 000 | 00921cad a22001935a 4500 | ||
|---|---|---|---|
| 001 | L154034 | ||
| 008 | 111006s2011 xxk f 000 0 eng d | ||
| 035 | _a(Sirsi) u154034 | ||
| 041 | 0 | _aeng | |
| 110 | 2 |
_aConfederation of British Industry _9414 |
|
| 245 | 0 | 0 |
_aCBI construction _h[electronic resource] |
| 260 |
_a[S.l.] _bCBI _c2011 |
||
| 520 | _aThe construction industry is vital for the UK's economic growth. It creates and maintains infrastructure for the present and future. The CBI Construction Council enables the sector to speak with one voice to ensure that investment from both the public and private sector helps to drive growth, create jobs and ensure long-term competitiveness. | ||
| 590 | _aKA NTK | ||
| 651 | 4 |
_aUnited Kingdom _y |
|
| 690 | _aBUILT ENVIRONMENT-CONSTRUCTION MARKET | ||
| 856 | 4 | 0 |
_uhttps://www.cbi.org.uk/business-issues/construction/ _zView the website at www.cbi.org.uk |
| 942 | _n0 | ||
| 999 |
_c112810 _d112810 |
||